| 000 | 00370nam a2200145Ia 4500 | ||
|---|---|---|---|
| 008 | 220530s9999 xx 000 0 und d | ||
| 041 | _aeng | ||
| 082 |
_a510 _bDAS |
||
| 100 |
_aDass H k _955143 |
||
| 245 | _aEngineering Mathematics - II | ||
| 260 |
_aNew Delhi _bS Chand Publishers _c2009 |
||
| 300 |
_b483P _bPB |
||
| 700 |
_a Verma Rama _955144 |
||
| 906 |
_a47.5 _bALIED |
||
| 999 |
_c50263 _d50263 |
||